00594nam a22002057a 450000500170000001000150001702000270003203500130005903500170007203500130008903700130010203700210011508200160013610000210015224500450017326000350021827000650025330000200031850000500033820180308123854.0 aENG-109774 a9789382730002c1050.00 aEN-93307 aB-537214-215 aB-667697 bDBAD/PUB bK.K.Pub/Venadpl a025.0202854 aDhandar, Sangita00aLibrary automation /cby Sangita Dhandar aKanpurbGarima Prakashanc2013 a1st floor, Mayur Park, Basant Vihar NaubastabKanpure208021 a296p.c22cm(Hb) aIncludes bibliographical references and index